| 000 | 00553nam a2200169Ia 4500 | ||
|---|---|---|---|
| 008 | 110201s9999 xx 000 0 und d | ||
| 082 |
_bB8585 _aK 2483 |
||
| 100 | _aरानडे फिरोज | ||
| 245 | _aफिरविले अनंते | ||
| 260 | _bमॅजेस्टिक प्रकाशन | ||
| 365 | _b200 | ||
| 600 | _aरानडे फिरोज | ||
| 630 | _aफिरविले अनंते | ||
| 700 | _aरानडे फिरोज | ||
| 730 | _aफिरविले अनंते | ||
| 942 | _cBOOK | ||
| 999 |
_c834062 _d834059 |
||